Architekti. Programy. Realizace. Paralelní texty ke studiu dějin a teorie architektury : Sešit 1

Na minha lista:
Detalhes bibliográficos
Main Authors: Ševčík, Oldřich (Author), a kol (Author)
Formato: Livro
Idioma:tcheco
Publicado em: Praha : ČVUT, 2011
Assuntos:
Tags: Adicionar Tag
Sem tags, seja o primeiro a adicionar uma tag!

MARC

LEADER 00000nam a22000003a 4500
001 stu247057
005 20150716165430.1
008 120525s2011------------------------cze-d
020 |a 978-80-01-04741-5 
040 |a STU  |b slo 
041 0 |a cze 
100 1 |a Ševčík, Oldřich  |4 aut 
245 1 |a Architekti. Programy. Realizace. Paralelní texty ke studiu dějin a teorie architektury :  |b Sešit 1 
260 |a Praha :  |b ČVUT,  |c 2011 
300 |a 343 s 
650 7 |a architekti 20. storočia  |2 stusub 
650 7 |a teória architektúry  |2 stusub 
700 1 |a a kol.  |4 aut 
996 |b 284AS03379  |c A*7969 S  |l AAKNST  |s P  |a 0  |w stu247057_0001